000 00560nam a2200205Ia 4500
005 20250326143148.0
008 250326s9999 xx 000 0 und d
020 _a0-205-10484-3
037 _aTextbook
040 _aFMSL
_beng
_cFMSL
041 _aeng
_2eng
084 _aX3:8M M7
_qFMSL
100 _aTreece M
_9735860
245 0 _aSucessful business communication
_cTreece M
250 _aThird Edition
260 _aBoston
_bBoston, Allyn and Bacon Inc.
_c1980
300 _a511p
942 _cTB
_hX3:8M M7
999 _c1298383
_d1298383